Science and the future of mankind: science for man and man for science

محفوظ في:
التفاصيل البيبلوغرافية
التنسيق: كتاب
اللغة:الإنجليزية
منشور في: Ciudad del Vaticano Pontifical Academy of Sciences 2001
سلاسل:Pontificiae Academiae Scientiarum Scripta Varia, 99
الموضوعات:
الوسوم: إضافة وسم
لا توجد وسوم, كن أول من يضع وسما على هذه التسجيلة!

MARC

LEADER 00000nam a2200000 a 4500
001 UCL3521
003 CL-VaPUC
005 20220119073954.0
008 031128e20010000vc 1 eng d
020 |a 8877610751 
082 0 4 |a 261.55  |b SCI  |2 21 
245 1 0 |a Science and the future of mankind: science for man and man for science 
260 |a Ciudad del Vaticano  |b Pontifical Academy of Sciences  |c 2001 
300 |a 526 p 
490 0 |a Pontificiae Academiae Scientiarum Scripta Varia, 99 
583 |a last modification  |c 20190822 02:18:05  |k Rodrigo Vera 
650 0 0 |a Doctrina social de la iglesia  |9 257333 
650 0 0 |a Investigación científica  |9 259857 
942 |c BK 
945 |a cmena  |d 20031128 00:00:00 
546 |a En Inglés 
536 |a Pontifical Academy of Sciences 
518 |p Jubilee Plenary Session, 1, Ciudad del Vaticano, 10-13 november 2000 
999 |c 383939  |d 383937 
952 |0 0  |1 0  |2 ddc  |4 0  |6 261_550000000000000_SCI_2001  |7 0  |8 A  |9 506269  |a BIBCUR  |b BIBCUR  |d 2020-01-23  |i 3915727  |o 261.55 SCI 2001  |p 3915727  |r 2025-04-22  |w 2020-01-23  |y BK  |k BCB